| 000 | 00395cam a22001337a 4500 | ||
|---|---|---|---|
| 008 | 180718b1992 xxu||||| |||| 00| 0 eng d | ||
| 082 | _aAPPPA 91-92 SHA/S | ||
| 100 | _aSharma, Shalini | ||
| 245 |
_aGrowth of coal sector in India _cby Shalini Sharma |
||
| 260 |
_aNew Delhi _bIndian Institute of Public Administration _c1992 |
||
| 300 | _a109p. | ||
| 650 | _aCoal sector-India | ||
| 650 | _aGrowth | ||
| 999 |
_c501584 _d501584 |
||